3606-下関市(山口県)の駅 - Statistics

General Stats
  • This quiz has been taken 4 times
  • The average score is 18 of 21
Answer Stats
Answer % Correct
小月
100%
長府
100%
新下関
100%
幡生
100%
下関
100%
阿川
100%
小串
100%
川棚温泉
100%
梅ケ峠
100%
安岡
100%
梶栗郷台地
100%
綾羅木
100%
特牛
75%
滝部
75%
長門二見
75%
黒井村
75%
吉見
75%
福江
75%
宇賀本郷
50%
長門粟野
25%
湯玉
25%
No matching quizzes found
Score Distribution
Percent of People with Each Score
Percentile by Number Answered
Your Score History
You have not taken this quiz